[Event "EIWCC 2017"]
[Site "Riga"]
[Date "2017.04.16"]
[Round "6"]
[White "Fataliyeva, Ulviyya"]
[Black "Zawadzka, Jolanta"]
[Result "1/2-1/2"]
[WhiteElo "2287"]
[BlackElo "2449"]
[Annotator "TA"]
[PlyCount "231"]
[EventDate "2017.??.??"]
[EventType "swiss"]
[EventCountry "LAT"]
[SourceTitle "playchess.com"]
[Source "ChessBase"]
[SourceQuality "1"]

{[%evp 20,231,31,37,47,18,26,0,3,4,7,11,16,15,35,10,13,17,6,0,35,-75,-83,-110,-80,-80,-77,-77,-26,-104,-103,-174,-101,-110,-52,-96,-70,-45,-33,-164,-114,-283,-222,-376,-136,-434,-349,-637,-655,-899,-481,-445,-393,-854,-849,-1084,-1083,-1064,-540,-549,-540,-442,-522,-533,-506,-533,-516,-443,-168,-206,-208,-216,-195,-284,-270,-277,-277,-263,-186,-245,-247,-266,-265,-260,-250,-270,-265,-265,-250,-260,-240,-258,-255,-275,-275,-230,-243,-355,-319,-271,-181,-165,-156,-153,-106,-173,-88,-88,-87,-88,-97,-173,-167,-169,-123,-408,-339,-316,-315,-311,-232,-220,-222,-221,-210,-214,-205,-391,-311,-298,-273,-275,-231,-218,-170,-152,-96,-286,-137,-137,-96,-137,-165,-296,-291,-263,-137,-138,-138,-144,-144,-148,-96,-96,-96,-96,-96,-171,-157,-247,-224,-250,-155,-142,-139,-216,-137,-141,-96,-96,-96,-100,-96,-211,-217,-223,-92,-92,-92,-83,-80,-80,-80,-96,-96,-96,-92,-85,-6,-6,0,0,0,0,0,0,0,0,0,0,0,0,0,0,0,0,0,0,4,0,0,0,0,0]} 1. e4 c5 2. Nf3 Nc6 3. d4 cxd4 4. Nxd4 e6 5. Nc3 Qc7 6. Be3 a6 7. Bd3 Nf6 8. O-O Nxd4 9. Bxd4 Bc5 10. Bxc5 Qxc5 11. Na4 Qc6 {B48: Sicilian: Taimanov: 5 Nc3 Qc7 6 Be3 a6 without Be2} 12. c4 {Black must now prevent e5.} d6 13. b4 $146 (13. Rc1 Bd7 14. Nc3 Qc5 15. Kh1 h5 16. f3 h4 17. Qe1 g5 18. Qf2 Qxf2 19. Rxf2 Nh5 20. Rd2 Ke7 21. Rcd1 Rhd8 22. Bf1 Bc6 23. Kg1 a5 24. b3 Rac8 {½-½ (24) Deszczynski,A (2356)-Leniart,A (2455) Warsaw 2012}) 13... O-O 14. Rc1 Bd7 (14... Nxe4 $6 15. b5 axb5 16. cxb5 Qxc1 17. Qxc1 $16) 15. Nc3 a5 16. b5 Qc7 17. Na4 Rad8 18. f4 Bc8 19. c5 dxc5 20. Nxc5 (20. e5 $14 Nd5 21. Rxc5) 20... e5 $17 21. Kh1 Qd6 (21... exf4 22. Ne6 $1 {[%mdl 512]} Qxc1 23. Qxc1 $14) 22. Be2 {With the idea Qxd6.} Qb8 (22... exf4 23. Qxd6 Rxd6 24. e5 $11 (24. Rxf4 Rd2 25. Bc4 b6 $15)) 23. Qe1 exf4 ({Better is} 23... b6 $17 24. fxe5 Qxe5) 24. Nd3 (24. b6 $1 $11) 24... Nxe4 25. Rxf4 (25. Qxa5 $17 Rfe8 26. Nxf4) 25... f5 (25... Rfe8 $19 {Strongly threatening ...Rxd3!} 26. Qf1 f5) 26. Rf1 Rd6 (26... b6 $17 27. Nf4 g5 28. Bc4+ Kg7 29. Nh5+ Kh6) 27. Nf4 (27. Qxa5 $2 Rh6 28. Qc7 Ng3+ 29. Kg1 Qa7+ 30. Qc5 Nxe2+ $19) 27... Rh6 $36 {[%mdl 2048] Black is pushing.} 28. Bc4+ Kh8 29. b6 (29. Bd3 $15 Re8 30. a4) 29... Qe5 30. Bb3 $2 (30. Bd3 $17 Rd8 31. Bxe4 fxe4 32. Qe3) 30... Bd7 (30... Rxb6 31. Nd3 Qd4 32. Nf2 $17) 31. Bd5 $2 (31. Rd1 Bc6 32. Rd3) 31... Re8 $2 (31... Rxb6 32. Bxe4 Qxe4 33. Qxe4 fxe4 34. Nd5 $16 (34. Ng6+ hxg6 35. Rxf8+ Kh7 $11)) (31... Bb5 $19 {is more deadly.} 32. Rf3 Re8) 32. Bf7 $2 {[%mdl 8192]} (32. Bxe4 $17 fxe4 33. Qe3) 32... Re7 ({Not} 32... Rxb6 33. Bxe8 Qxe8 34. Qxa5 $16) 33. Bc4 $2 (33. Bd5 g5 34. Bxe4 fxe4 35. Nh3) 33... g5 $19 (33... Rxb6 $2 34. Bd5 $19) 34. Nh3 Bc6 {( -> ...Rxh3!)} (34... Rxb6 $2 35. Bd3 $19) 35. Qe3 f4 36. Qd3 $2 (36. Nxf4 gxf4 37. Rxf4) 36... Rd6 ({Less strong is} 36... Ng3+ 37. Qxg3 fxg3 38. Rf8+ Kg7 39. Rg8+ Kf6 40. Rf1+ Qf4 41. Nxf4 Rxh2+ 42. Kg1 gxf4 43. Rxg3 $17) 37. Qa3 Rd2 38. Rce1 h6 39. Be2 {[#]} Ng3+ $1 {[%mdl 512]} 40. hxg3 Rxe2 41. Rxe2 Qxe2 {[%csl Gc6][%cal Re2g2]} 42. Rf2 Qe3 43. Qd6 Qe1+ $2 (43... Kg7 44. Nxf4 gxf4 45. Qxf4 Qxf4 46. gxf4 Kf6) 44. Kh2 fxg3+ 45. Qxg3 Qe5 46. Rd2 (46. Ng1 {is a better defense.}) 46... Kg7 47. Ng1 Qxg3+ 48. Kxg3 {[%mdl 4096] Endgame KRB-KRN} Re6 49. Ne2 (49. Nf3 $142) 49... Kg6 50. Rb2 Re4 51. Kf2 h5 52. a3 Rc4 53. Rd2 Kf6 54. Rd6+ Ke5 55. Rg6 g4 $1 56. Rg5+ Ke4 57. Rxh5 Rc2 $1 58. Ke1 (58. Rh7 $142) 58... Kd3 59. Re5 Be4 60. Ng3 Bxg2 ({Of course not} 60... Rxg2 $6 61. Nxe4 Re2+ 62. Kf1 Rxe4 63. Rxa5 $11) 61. Rxa5 Bf3 62. Rb5 (62. Re5 $17 {was called for.}) 62... Rg2 (62... Ke3 $1 $19 {[%cal Rc2c1]} 63. Nf1+ Kf4 64. Rb4+ Kg5) 63. Nf5 $17 Re2+ 64. Kf1 Ra2 65. Rb3+ (65. Rb4 $17) 65... Ke4 $19 66. Nh4 Be2+ 67. Ke1 $2 {[%mdl 8192]} (67. Kg1 $17 {was the only defense.}) 67... Bc4 68. Rg3 Kf4 69. Rc3 Bd5 {Threatens to win with ...Be4.} 70. Ng6+ Ke4 71. Ne7 Be6 72. Kf1 Rb2 73. Nc8 $2 (73. a4) 73... Kf4 74. Ne7 Rxb6 75. Ng6+ Kf5 76. Nh4+ Kg5 77. Ng2 Rb5 (77... Rb2 $142 {aiming for ...b6.} 78. Rc5+ Kf6) 78. Re3 $2 (78. Kf2 $17) 78... Rf5+ (78... Bd5 $1 $19 {And now ...Rb1+ would win.} 79. Re5+ Kf6) 79. Kg1 $17 Bd5 80. Re7 Kf6 81. Rd7 (81. Ne3 $142 Kxe7 82. Nxf5+ Ke6 83. Ng3) 81... Bc6 $19 82. Rd6+ Kg5 (82... Kf7 $1 $19 {Hoping for ...Rf3.} 83. Rd4 Rf3 84. Rxg4 Rxa3) 83. Rd8 $17 Rf6 84. Rg8+ Rg6 85. Rf8 Re6 (85... g3 $142 86. Ne3 g2 $1 {[%mdl 512]}) 86. Rg8+ Kf5 87. Rf8+ Ke5 88. Ne3 (88. Rg8 $17 {is the only way for White.}) 88... Rg6 $19 89. Rh8 (89. Nf5 $17 {was worth a try.}) 89... Kf4 90. Nf1 Rd6 91. Rf8+ Ke5 92. Ne3 (92. Kf2 $17 {keeps fighting.}) 92... Rd4 93. Rg8 Bf3 94. Kf2 Ra4 95. Kg3 Ke6 96. Re8+ {[#]} (96. Rg6+ $17 Kd7 97. Nxg4) 96... Kd7 $1 {[%cal Rd7e8]} 97. Re5 Kc7 (97... Rxa3 $19 {has better winning chances.} 98. Nxg4 Kd6) 98. Rc5+ $17 Kb6 99. Rc3 Rd4 100. Nc4+ Ka6 101. Ne3 b5 102. Nf5 Rc4 103. Rb3 Rc1 ({Black should try} 103... Ka5 $17) 104. Nd4 $11 {The position is equal.} Rg1+ 105. Kf4 Bd1 106. Rxb5 Rf1+ 107. Kg3 Re1 108. Rg5 Re3+ 109. Kf2 Rxa3 (109... Re4 $5 {looks sharper.} 110. Rg6+ Kb7 111. Rd6 Ba4 112. Ne6 Rc4) 110. Nf5 Kb6 111. Ne3 {Nc4+ is the strong threat.} Ra2+ 112. Kg3 Bf3 113. Nxg4 Bxg4 114. Kxg4 Rg2+ 115. Kf5 Rxg5+ 116. Kxg5 1/2-1/2

[Event "EIWCC 2017"]
[Site "Riga"]
[Date "2017.04.16"]
[Round "6"]
[White "Ambartsumova, Karina"]
[Black "Skripchenko, Almira"]
[Result "1/2-1/2"]
[WhiteElo "2282"]
[BlackElo "2420"]
[Annotator "TA"]
[PlyCount "45"]
[EventDate "2017.??.??"]
[EventType "swiss"]
[EventCountry "LAT"]
[SourceTitle "playchess.com"]
[Source "ChessBase"]
[SourceQuality "1"]

{[%evp 21,22,14,-2]} 1. e4 c5 2. Nf3 Nc6 3. d4 cxd4 4. Nxd4 Nf6 5. Nc3 e5 6. Ndb5 d6 7. Bg5 a6 8. Na3 b5 9. Nd5 Be7 10. Bxf6 Bxf6 11. c3 Bg5 12. Nc2 $146 Rb8 13. Be2 O-O 14. O-O a5 15. Na3 Ba6 16. Qb3 Na7 17. Rad1 Qd7 18. Rfe1 Kh8 19. Nc2 Nc6 20. Nce3 Rfd8 21. Nf5 a4 22. Qc2 g6 23. h4 {½-½ (57) Sethuraman,S (2640)-Safarli,E (2688) Baku 2016} 1/2-1/2

[Event "EIWCC 2017"]
[Site "Riga"]
[Date "2017.04.16"]
[Round "6"]
[White "Golubenko, Valentina"]
[Black "Papp, Petra"]
[Result "0-1"]
[WhiteElo "2271"]
[BlackElo "2378"]
[Annotator "TA"]
[PlyCount "110"]
[EventDate "2017.??.??"]
[EventType "swiss"]
[EventCountry "LAT"]
[SourceTitle "playchess.com"]
[Source "ChessBase"]
[SourceQuality "1"]

{[%evp 8,110,27,14,12,2,-16,-21,-23,-18,-28,-26,-20,-23,-19,-57,-4,-37,-17,-108,-107,-115,-97,-347,-331,-521,-531,-572,-443,-509,-474,-480,-421,-467,-450,-523,-506,-519,-508,-537,-529,-518,-502,-505,-498,-512,-531,-629,-558,-633,-590,-616,-531,-521,-516,-529,-451,-580,-564,-574,-570,-584,-568,-554,-555,-634,-618,-610,-587,-767,-763,-844,-662,-659,-591,-626,0,-819,-761,-997,-997,-924,-1720,-1769,-1710,-1581,-1220,-1693,-1580,-1591,-1623,-1589,-1579,-1477,-1389,-1508,-1446,-1550,-1508,-29990,-29991,-29991,-29992,-29998,-29999]} 1. d4 Nf6 2. c4 g6 3. g3 c6 4. Bg2 d5 5. b3 {LiveBook: 25 Games} dxc4 {D71: Fianchetto Grünfeld: 3 g3 d5 sidelines and 5 cxd5 (without Nf3)} (5... Bg7 6. Nf3 O-O 7. O-O dxc4 8. bxc4 c5 9. Bb2 Qb6 10. Qc1 cxd4 11. Nxd4 Nfd7 12. e3 Nc6 13. Rd1 Nde5 14. Na3 Bg4 15. c5 Qa6 16. Nxc6 bxc6 17. Bf1 Qa4 {0-1 (17) Nielsen,P (2700)-Svidler,P (2734) Copenhagen 2010}) 6. bxc4 {[#]} e5 $1 {[%mdl 512]} 7. d5 $146 (7. dxe5 Qxd1+) (7. e3 Be6 8. Qb3 Nbd7 9. Qxb7 Rb8 10. Qxa7 Bxc4 11. Bxc6 Bd5 12. Bxd5 Nxd5 13. Nd2 {0-1 (30) Hartl,D (2233)-Steflitsch,E (2367) Austria 2011}) 7... cxd5 {The position is equal.} 8. cxd5 Bb4+ 9. Bd2 Nxd5 10. Qb3 $1 Bxd2+ 11. Nxd2 Ne7 (11... Be6 $15) 12. Ngf3 Nbc6 13. Ng5 (13. O-O $11 {keeps the balance.}) 13... O-O $17 14. Rd1 Nd4 $36 {[%mdl 2048] Keeping White busy.} 15. Qc4 $2 {[#]} (15. Qb2 $17 {might work better.}) 15... Bg4 $19 16. O-O (16. Ngf3 $142 Rc8 17. Qa4) 16... Bxe2 17. Qc5 Bxf1 18. Bxf1 Nec6 19. h4 Qe7 20. Qc3 Rad8 21. Nde4 h6 22. Nf3 Qb4 23. Rc1 Qxc3 24. Rxc3 Nxf3+ 25. Rxf3 Rd4 26. Re3 Rfd8 27. Bg2 Rd3 28. Re2 Nd4 29. Rb2 Nf3+ 30. Bxf3 Rxf3 31. Rxb7 {[%mdl 4096] Endgame KRR-KRN} Ra3 32. Nf6+ Kg7 33. Ng4 Rd1+ 34. Kg2 Rd5 35. Ne3 Rc5 36. h5 Rxa2 37. hxg6 Kxg6 38. g4 Rc3 39. Kf3 Ra4 40. Re7 Kf6 41. Rd7 Kg6 $2 ({Black should try} 41... a5 $19 42. Rd6+ Kg5) 42. Kg3 $2 {[%mdl 8192]} (42. Re7 $11 f6 43. Kg2) 42... a5 {[%cal Ba7a5,Ba5a4,Ba4a3][%mdl 32]} 43. Rd5 f6 44. Rd7 Ra2 45. Rd8 a4 46. Rg8+ Kf7 47. Rh8 Kg7 48. Ra8 a3 49. Kf3 Rb2 50. Ke4 Rxf2 51. Nf5+ Kg6 52. Rg8+ Kf7 53. Nxh6+ Ke6 {[%csl Ge5][%cal Rf2f4] Black mates.} 54. Re8+ Kd7 55. Ra8 Rf4+ 0-1

[Event "EIWCC 2017"]
[Site "Riga"]
[Date "2017.04.16"]
[Round "6"]
[White "Mamedjarova, Turkan"]
[Black "De Seroux, Camille"]
[Result "1/2-1/2"]
[WhiteElo "2267"]
[BlackElo "2122"]
[Annotator "TA"]
[PlyCount "77"]
[EventDate "2017.??.??"]
[EventType "swiss"]
[EventCountry "LAT"]
[SourceTitle "playchess.com"]
[Source "ChessBase"]
[SourceQuality "1"]

{[%evp 11,77,14,17,13,16,0,12,2,19,-2,0,-1,-8,0,0,-3,24,22,18,8,1,-15,29,20,23,25,0,-37,-23,-52,-16,-32,0,-37,0,0,0,-39,-11,-3,0,-78,-85,-85,-85,-71,-69,-100,-104,-118,-106,-185,0,0,0,0,0,0,0,0,0,0,0,0,0,0,0,0]} 1. d4 Nf6 2. Nf3 e6 3. c4 Bb4+ 4. Bd2 Qe7 5. a3 Bxd2+ 6. Nbxd2 a5 7. e3 {E11: Bogo-Indian} (7. e4 d6 8. e5 dxe5 9. dxe5 Nfd7 10. Bd3 Nc5 11. Bc2 a4 12. Qe2 b6 13. h4 Bb7 14. Rh3 Nbd7 {½-½ (88) Chapliev,A (2314)-Oganian,M (2229) Anapa 2011}) 7... O-O 8. Qc2 d6 9. Bd3 Nbd7 10. O-O-O e5 $146 (10... Re8 11. e4 e5 12. dxe5 dxe5 13. h3 Nc5 14. Be2 Bd7 15. Ne1 Ba4 {0-1 (24) Van Dijk,G (1749)-Muth,J (2054) Germany 2013}) 11. h4 Re8 12. Ng5 {[%cal Rd3h7]} h6 13. Nge4 Nxe4 14. Nxe4 Nf6 15. f3 Nxe4 16. Bxe4 c6 17. Kb1 Be6 18. d5 cxd5 19. cxd5 Bd7 20. g4 Rec8 21. Qe2 Rc5 22. Ka1 Rac8 23. g5 h5 (23... hxg5 24. hxg5 Qxg5 25. f4 $1 $14 {[%mdl 512]} (25. Rdg1 Qf6 $11)) 24. g6 fxg6 25. Bxg6 Qf6 $36 {[%mdl 2048] Black has good play.} 26. Bb1 {[#]} ({Reject} 26. Bxh5 e4 $1 {[%mdl 512]} 27. Rb1 Bb5 $15) (26. Rdg1 $11 {remains equal.}) 26... Ba4 $1 $17 {[%cal Ra4d1]} 27. Rd2 Rc1 28. Rxc1 Rxc1 29. Qd3 Qxf3 {And now ...e4 would win.} 30. Qh7+ Kf8 {Hoping for ...Bb3.} 31. Qg6 (31. Ka2 $17 {might work better.}) 31... Qf1 $2 ({Inferior is} 31... Qxe3 32. Qxd6+ Ke8 33. Qg6+ Kd8 34. Rg2 $11) ({Don't play} 31... Qf6 32. Ka2 $17) (31... Bb3 $19 {Threatens to win with ...e4.} 32. Qxd6+ Kg8 33. Qd8+ Qf8 34. Qxf8+ Kxf8) 32. Qxd6+ $11 {The position is equal.} Kg8 33. Qg6 Bc2 34. Qe8+ Kh7 $1 35. Qxh5+ Kg8 36. Qe8+ Kh7 $1 37. Qh5+ Kg8 38. Qe8+ Kh7 $1 39. Qh5+ 1/2-1/2

[Event "EIWCC 2017"]
[Site "Riga"]
[Date "2017.04.16"]
[Round "6"]
[White "Zaksaite, Salomeja"]
[Black "Szczepkowska, Karina"]
[Result "1/2-1/2"]
[WhiteElo "2262"]
[BlackElo "2414"]
[Annotator "TA"]
[PlyCount "104"]
[EventDate "2017.??.??"]
[EventType "swiss"]
[EventCountry "LAT"]
[SourceTitle "playchess.com"]
[Source "ChessBase"]
[SourceQuality "1"]

{[%evp 22,104,14,6,11,5,0,-11,1,13,10,6,32,24,41,51,54,43,61,64,101,93,83,72,70,70,65,28,61,70,91,83,86,86,96,72,68,74,168,177,195,197,172,0,0,0,0,0,51,55,53,11,10,19,37,19,16,0,0,0,0,-23,-18,-21,-14,-21,-16,-25,-22,-25,0,0,0,0,0,0,0,0,0,0,0,0,0,0,0]} 1. e4 e5 2. Nf3 Nc6 3. Bc4 Bc5 4. c3 Nf6 5. d4 exd4 6. cxd4 Bb4+ 7. Bd2 Bxd2+ 8. Nbxd2 d5 9. exd5 Nxd5 10. Qb3 Nce7 11. O-O O-O 12. Ne5 c6 {C54: Giuoco Piano: 4 c3 Nf6, main lines with 5 d4 and 5 d3} 13. Ne4 f6 {Threatens to win with ...Bf5.} (13... Qb6 14. Nc5 Qxb3 15. Bxb3 Rd8 16. Rfe1 Kf8 17. Rad1 b6 18. Ne4 f6 19. Nc4 Ba6 20. Nc3 Bxc4 21. Bxc4 {½-½ (35) Kozionov,K (2333)-Danin,A (2598) Kaluga 2013}) 14. Nf3 Kh8 15. Rfe1 b6 16. Rac1 $146 (16. Qa3 Bg4 17. Nfd2 Qd7 18. Rac1 h6 19. Nf1 Be6 20. Qb3 {0-1 (42) Hansen,S (2180)-Ahlander,B (2415) Aalborg 1993}) 16... Nf4 17. Qa3 $36 {[%mdl 2048] White fights for an advantage.} b5 18. Bf1 Nfd5 19. h3 a5 20. Qc5 Bf5 21. Nc3 Rc8 22. Nd2 a4 23. Nde4 Bxe4 24. Nxe4 Nf5 25. Be2 Rc7 {[#]} 26. Nc3 $1 {[%cal Rc3d5]} Nxc3 27. bxc3 Nd6 28. Bg4 f5 29. Bf3 Qf6 (29... Qd7 $16 {keeps fighting.}) 30. d5 $18 {Black must now prevent Re6.} Ne4 31. Bxe4 fxe4 {[#]} 32. Rxe4 $2 (32. d6 $1 $18 {[%cal Rd6c7]} Rd7 33. Rcd1 (33. Rxe4 Qxd6 34. Qxd6 Rxd6 $11)) 32... cxd5 $11 33. Qxd5 Qxf2+ 34. Kh2 h6 ({Black should play} 34... Qc5 $11 35. Rf1 Rb8) 35. Qxb5 $14 a3 36. Qe2 Rb7 {White should prevent ...Rb2.} 37. Rc2 Qf7 38. c4 Rb1 39. c5 Qc7+ 40. g3 Qc6 $1 41. Qc4 Rff1 42. Qe6 $1 {[%cal Re6c6]} Qxc5 {[%csl Gb1,Gf1][%cal Rc5g1]} 43. Qc8+ $1 Qxc8 44. Rxc8+ $11 {[%mdl 4096] Endgame KRR-KRR} Kh7 {[%cal Rf1f2]} 45. Kg2 Rg1+ 46. Kf3 {The position is equal.} Rgf1+ 47. Kg4 Rb6 {Strongly threatening ...Rg6+.} 48. Ra8 Rg6+ 49. Kh4 Rf3 50. Rg4 Rxg4+ 51. Kxg4 Rc3 52. Ra6 Rd3 1/2-1/2

[Event "EIWCC 2017"]
[Site "Riga"]
[Date "2017.04.16"]
[Round "6"]
[White "Sandu, Mihaela"]
[Black "Kashlinskaya, Alina"]
[Result "0-1"]
[WhiteElo "2261"]
[BlackElo "2426"]
[Annotator "TA"]
[PlyCount "86"]
[EventDate "2017.??.??"]
[EventType "swiss"]
[EventCountry "LAT"]
[SourceTitle "playchess.com"]
[Source "ChessBase"]
[SourceQuality "1"]

{[%evp 30,86,6,0,14,5,24,0,0,-13,0,0,0,-35,-38,-33,-32,-31,0,-42,70,0,-4,-4,0,-12,-25,-129,-117,-119,-11,-75,-77,-88,-77,-86,-87,-92,-91,-225,-225,-285,-280,-629,-631,-549,-458,-542,-461,-459,-188,-640,-633,-29986,-29987,-29996,-29997,-29997,-29998]} 1. e4 e5 2. Nf3 Nc6 3. Bc4 Bc5 4. d3 Nf6 5. Bb3 d6 6. c3 a6 7. O-O Ba7 8. Nbd2 O-O 9. h3 h6 10. Re1 Re8 11. Nf1 Be6 12. Bc2 {C54: Giuoco Piano: 4 c3 Nf6, main lines with 5 d4 and 5 d3} (12. Be3 Bxe3 13. Nxe3 Qd7 14. Nh2 Bxb3 15. axb3 Ne7 16. b4 d5 17. Nhg4 Nxg4 18. Qxg4 Rad8 19. exd5 Qxg4 20. hxg4 Nxd5 21. Nxd5 Rxd5 {½-½ (30) Harikrishna,P (2766)-Karjakin,S (2785) Wijk aan Zee 2017}) 12... d5 13. exd5 Bxd5 14. Ng3 Qd7 15. Be3 Bxe3 16. Rxe3 {LiveBook: 12 Games} Re7 17. Qe2 {[%cal Rf3e5]} Rae8 18. a4 a5 19. Re1 g6 20. Ne4 $146 (20. Qd2) 20... Nh5 21. Nh4 Kg7 22. Qd1 b6 23. Ng3 Nf6 24. d4 Kg8 {[#]} ({Black should try} 24... exd4 $15 25. Rxe7 Nxe7) 25. Ngf5 (25. Bxg6 $1 $14 {[%mdl 512]} fxg6 26. Nxg6) 25... gxf5 $11 26. Nxf5 e4 27. Rg3+ Kh7 {[%cal Bg8h7,Bh7g7,Bg7h8][%mdl 32]} 28. Nxe7 (28. Rg7+ $1 $11 Kh8 29. g4) 28... Nxe7 $17 29. c4 Bb7 ({Better is} 29... Bxc4 $17 30. Bxe4+ Nxe4 31. Rxe4 Be6) 30. Rf3 {[#]} (30. d5 $11 {keeps the balance.} Nf5 31. Rg4 $1 {[%mdl 512]}) 30... Kg7 $1 31. Rg3+ Kh8 32. d5 {Threatens to win with Qd4.} Nf5 33. Rc3 c6 {[%cal Rc6d5]} 34. dxc6 (34. f3 $17 {is a better defense.} cxd5 35. cxd5 Qxd5 36. fxe4) 34... Qxc6 $19 35. Qe2 Rg8 36. Bd1 $2 (36. Re3) 36... e3 {[%csl Gb7,Gg8][%cal Rc6g2]} 37. f3 Rg3 38. Qd3 Qc5 {aiming for ...e2+.} 39. Kh1 Qe5 $40 {[%mdl 128] Black is out for blood.} (39... Nh5 $142 40. Rc2 Bc6) 40. Qd8+ $2 (40. Rxe3 Nxe3 41. Qxe3) 40... Rg8 41. Qxb6 {[%cal Rc3e3]} Rxg2 {Black mates.} 42. Kxg2 Qg3+ 43. Kh1 Qxe1+ 0-1

[Event "EIWCC 2017"]
[Site "Riga"]
[Date "2017.04.16"]
[Round "6"]
[White "Kazarian, Anna-Maja"]
[Black "Olde, Margareth"]
[Result "0-1"]
[WhiteElo "2257"]
[BlackElo "2110"]
[Annotator "TA"]
[PlyCount "98"]
[EventDate "2017.??.??"]
[EventType "swiss"]
[EventCountry "LAT"]
[SourceTitle "playchess.com"]
[Source "ChessBase"]
[SourceQuality "1"]

{[%evp 33,98,33,36,17,21,21,28,33,27,4,22,27,25,23,63,50,77,58,68,52,70,63,69,0,0,-58,-60,-78,-53,-107,-104,-93,-30,-39,-39,-104,-20,-39,-39,-39,-39,-86,-70,-128,-82,-74,-37,-56,-28,-71,-61,-73,-75,-233,-225,-328,-188,-844,-844,-29982,-29983,-29990,-29991,-29997,-29998,-29998,-29999]} 1. e4 c5 2. Nf3 e6 3. d4 cxd4 4. Nxd4 Nc6 5. Nc3 Qc7 6. Be2 a6 7. Be3 Nf6 8. O-O Bb4 9. Na4 Be7 10. Nxc6 bxc6 11. Nb6 Rb8 12. Nxc8 Qxc8 13. Bd4 c5 14. Be5 Rb6 15. b3 {B49: Sicilian: Taimanov: 5 Nc3 Qc7 6 Be3 a6 7 Be2} (15. Qd3 d6 16. Bc3 O-O 17. Rad1 Qc6 18. e5 Nd5 19. Bf3 c4 20. Qd2 dxe5 21. Bxe5 Rd8 22. b3 Rb5 23. bxc4 Qxc4 {1-0 (88) Ponomariov,R (2709)-Neiksans,A (2631) Tallinn 2016}) 15... O-O 16. Qd3 d6 17. Bb2 d5 {LiveBook: 3 Games} 18. e5 Nd7 {[%cal Bf6d7,Bd7b8,Bb8c6,Bc6b4][%mdl 32]} 19. c4 $146 (19. f4 c4 20. Qh3 g6 21. Bc3 Rc6 22. bxc4 Nb6 {½-½ (47) Delchev,A (2603)-Geller,J (2486) Zadar 2003}) 19... d4 20. f4 Nb8 21. Qh3 Nc6 22. Bd3 {[%csl Gd3][%cal Rh3h7]} g6 23. Rf3 f5 24. exf6 $1 Bxf6 25. Re1 Nb4 26. Bb1 $1 Rd6 27. f5 exf5 {[#]} 28. Bxf5 $1 {[%mdl 512]} (28. a3 $1 $14 Nc6 29. Bxf5 $1 {[%mdl 512]}) 28... Qd8 $11 (28... gxf5 29. Qg3+) 29. Be6+ ({White should try} 29. a3 $1 $11 Nc6 30. Be4) 29... Kh8 $15 30. Ref1 Qe7 (30... Nxa2 31. Ba3 Nb4 32. Bc1 $16) 31. Bg4 (31. Bd5 $1 $15) 31... Nc2 $17 32. Bc1 Rdd8 (32... Ne3 $1 $17 {[%cal Re3f1]} 33. R1f2 Re8) 33. Bh6 $11 Bg7 34. Bxg7+ (34. Rxf8+ $15 Bxf8 35. Bd2) 34... Qxg7 (34... Kxg7 $17 35. Rxf8 Rxf8 36. Rxf8 Kxf8) 35. Rxf8+ Rxf8 36. Rxf8+ Qxf8 37. Qf3 {[%cal Rf3f8]} Qe7 {Hoping for ...Qe1+.} 38. Qe2 (38. Qf2 $15) 38... Ne3 {And now ...d3! would win.} 39. Bf3 Qc7 40. h3 Qa5 41. Kf2 Qc3 42. Be4 Kg7 $36 {[%mdl 2048] Black is really pushing.} 43. Qd3 $2 {[#]} (43. Bd3 $17 {is a better defense.}) 43... Qb2+ $1 $19 44. Kg3 (44. Qe2 $142 Nd1+ 45. Kf3 (45. Ke1 Qxe2+ 46. Kxe2 Nc3+ 47. Kf3 Nxa2 $17) 45... Qxe2+ 46. Kxe2 Nc3+ 47. Kd3) 44... a5 (44... Qxa2 $2 45. b4 $17) (44... h5 $142 45. Bf3 {[#]} h4+ $1 {[%mdl 512]} 46. Kh2 Qf2) 45. Qb1 $2 (45. Bf3) 45... Qe2 {Threatens to win with ...Nf1+.} 46. a3 Nf1+ {Black mates.} 47. Kf4 Kf6 {[%csl Gf6][%cal Rg6g5]} 48. Bxg6 Qe3+ 49. Kg4 Qg3+ ({Weaker is} 49... hxg6 50. Qxf1+ Ke5 51. Qf7 Qe4+ 52. Kg3 $11) 0-1